| 000 | 01058nam0a2200277 4500 | ||
|---|---|---|---|
| 001 | RU\NLR\bibl\1469654 | ||
| 005 | 20260405220304.0 | ||
| 010 |
_a978-5-699-38924-7 _95000 |
||
| 021 |
_aRU _b2009-93167 _946д/2010 |
||
| 035 | _a(NLR Aleph) 001461363 | ||
| 090 |
_a1585438 _c1585438 |
||
| 100 | _a20100207d2009 |||y0rusy50 ca | ||
| 101 | 1 |
_arus _ceng |
|
| 102 | _aRU | ||
| 105 | _ay ||||||||| | ||
| 200 | 1 |
_aВозвращение мертвеца _e[роман] _fЛилит Сэйнткроу _g[пер. с англ. С. Теремязевой] |
|
| 210 |
_aМосква _cЭксмо _aСанкт-Петербург _cДомино _d2009 |
||
| 215 |
_a381, [1] с. _d21 |
||
| 225 | 1 |
_aКнига-загадка, книга-мистика _fсост.: Александр Жикаренцев |
|
| 686 | _aШ6(7США)67-445{Лх1979-62} | ||
| 700 | 1 |
_4070 _8rus _7ca _aСэйнткроу _bЛ. _f1976- _gЛилит _3RU\NLR\auth\7798699 _981625 |
|
| 801 | 0 |
_aRU _bNLR _c20100207 _gRCR |
|
| 801 | 1 |
_aRU _bNLR _c20100207 |
|
| 942 | _cBOOK | ||
| 980 | _aNB | ||